000
00281nam a22001217a 4500
008
181207b xxu||||| |||| 00| 0 eng d
041
_a
eng
080
_a
371
100
_a
46
101
_a
EDU
245
_a
Communication Disorders in the Classroom
_c
Haynes, W.O
942
_2
udc
_c
BK
999
_c
53072
_d
53072